Star Wars: The Clone Wars Trivia - Statistics

General Stats
  • This quiz has been taken 466 times
  • The average score is 9 of 15
Answer Stats
Hint Answer % Correct
Who kills Admiral Trench? Anakin Skywalker
92%
Which clone appears the most? Captain Rex
92%
In what season does Maul return? 4
90%
Who did Obi-Wan want to have a relationship with? Duchess Satine Kryze
79%
Which clone 'dies' in the citadel arc? Echo
79%
Planet from which the above's from Mandalore
73%
Name the 5 clones that make up the Bad Batch (the order is H,W,T,C,E) Hunter, Wrecker, Tech, Crosshair, Echo
69%
Name the clone that helps domino squad pass 99
62%
Which clone kills Pong Krell? Dogma
57%
What is the name of Plo Koon's clone legion? 104th
52%
What is the name of Ahsoka's species? Togruta
51%
Name the 5 members of the domino squad (the order is H,F,EC,D) Hevy, Fives, Echo, Cutup, Droidbait
38%
How many episodes of Clone Wars are there? 133
32%
What planet contained the Zillo Beast? Malastare
26%
Who is the first person to ignite their lightsaber in the Clone Wars? (chronologically) Plo Koon
22%
No matching quizzes found
Score Distribution
Percent of People with Each Score
Percentile by Number Answered
Your Score History
You have not taken this quiz